| 000 | 00412nam a2200157Ia 4500 | ||
|---|---|---|---|
| 008 | 160316s1997 xxu||||| |||| 00| 0 eng d | ||
| 082 |
_a346.082000 _bNAB |
||
| 100 | _aNabhi | ||
| 245 | _aLaw relating to non-banking financial company | ||
| 250 | _a | ||
| 260 |
_aNew Delhi _bNabhi Publications _c1997 |
||
| 300 |
_a843 _b _c |
||
| 365 | _b310/- | ||
| 650 | _a1.Non-banking - Financial Company | ||
| 700 |
_a _a |
||
| 999 |
_c11790 _d11790 |
||